000 00650nam a22002057a 4500
999 _c11588
_d11588
003 AR-CdUCM
008 190404b ||||| |||| 00| 0 spa d
020 _a9972-728-96-X
040 _aMUNICIPALIDAD PROVINCIAL DEL CUSCO
_cBIBLIOTECA MUNICIPAL DEL CUSCO
082 _aEP / 372.460 /
_bN29
110 _aFondo Editorial Navarrete
_911579
245 _aPalabras Mágicas :
_bComunicación Integral 1 /
260 _aLima :
_bNavarrete S. R. L.
300 _a159 páginas ;
_bIlustraciones
_c27cm
500 _aEducación primaria 1ro
505 _a
650 _aEducación primaria
_91561
942 _2ddc
_cLIBROS
945 _anom
_d2019-04-04